Statistics for İlk iki harfle Türkiye'ye en yakın ülkeler

Click here to take the quiz!

General Stats

  • This quiz has been taken 621 times
  • The average score is 12 of 20

Answer Stats

kmülke% Correct
0Yunanistan
95%
0Irak
91%
0İran
91%
0Azerbaycan
90%
0Suriye
89%
0Bulgaristan
88%
0Ermenistan
86%
0Gürcistan
84%
136Rusya
72%
69Kıbrıs
52%
366Ukrayna
50%
274Kuzey Makedonya
45%
285İsrail
41%
198Romanya
41%
125Lübnan
36%
388Kosova
29%
322Sırbistan
28%
387Moldova
25%
342Ürdün
25%
372Filistin
10%

Score Distribution

Percentile by Number Answered

Percent of People with Each Score

Your Score History

You have not taken this quiz